000 00622nam a22002177a 4500
005 20170124110221.0
010 _aA-893831
020 _c00.00
035 _aA-893831
037 _bCen Lib/Ret
040 _aDPL
_bEN
082 _a581
_bSUB
100 _aSubrahmanyam, N. S.
_939922
245 _aSubrahmanyam's botany question bank /
_cby N. S. Subrahmanyam
260 _aNew Delhi
_bVikas Publishing House
_c1977
270 _bNew Delhi
_a576 Masjid Road, Jangpura
_e110014
300 _a396p.
_c22cm(Hb)
650 _aBotany
_9138886
650 _aScience
_910795
942 _2ddc
_cEN
_h581
_mSUB
999 _c134147
_d134147